000 00687nam a2200229 a 4500
999 _c11265
_d11265
001 11265
003 BD-JhCC
005 20190915082224.0
008 190620s20172018bg |||| ||a| 000 0 ben d
020 _a9789849274292
035 _a(BD-JhCC)11265
040 _aBD-JhCC
_dBD-JhCC
041 _aben
082 _bQUA 2018
_a891.4415
100 _aকাদরী, শহীদ
245 _aগোধূলির গান /
_cশহীদ কাদরী ।
260 _aঢাকা:
_bপ্রথমা প্রকাশনী;
_c২০১৮.
300 _a৬৯ পৃ. :
_c ২২ সেমি.
650 _aBengali Poem
942 _2ddc
_cBK